| Tag |
First Indicator |
Second Indicator |
Subfields |
| LEADER |
00000cam a2200000 a 4500 |
| 001 |
in00002177113 |
| 005 |
20220106094110.0 |
| 008 |
060619s2006 dcu f000 0 eng c |
| 035 |
|
|
|a (OCoLC)ocm70122229
|
| 040 |
|
|
|a GPO
|c GPO
|d MvI
|d UtOrBLW
|
| 042 |
|
|
|a pcc
|
| 043 |
|
|
|a n-us-dc
|
| 049 |
|
|
|a UDOC
|
| 049 |
|
|
|a WWW
|
| 050 |
1 |
4 |
|a KF31
|b .E55 2006h
|
| 074 |
|
|
|a 1008-C
|
| 074 |
|
|
|a 1008-C (online)
|
| 074 |
|
|
|a 1008-D (MF)
|
| 074 |
|
|
|a 1008-D (online)
|
| 086 |
0 |
|
|a Y 1.1/5:109-247
|
| 110 |
1 |
|
|a United States.
|b Congress.
|b Senate.
|b Committee on Energy and Natural Resources.
|
| 245 |
1 |
0 |
|a National Law Enforcement Officers Memorial Maintenance Fund Act of 2005 :
|b report (to accompany H.R. 2107).
|
| 264 |
|
1 |
|a [Washington, D.C.] :
|b [U.S. G.P.O.],
|c [2006]
|
| 300 |
|
|
|a 5 pages ;
|c 24 cm.
|
| 336 |
|
|
|a text
|b txt
|2 rdacontent
|
| 337 |
|
|
|a unmediated
|b n
|2 rdamedia
|
| 338 |
|
|
|a volume
|b nc
|2 rdacarrier
|
| 490 |
1 |
|
|a Report / 109th Congress, 2d session, Senate ;
|v 109-247
|
| 500 |
|
|
|a Caption title.
|
| 500 |
|
|
|a Distributed to some depository libraries in microfiche.
|
| 500 |
|
|
|a Shipping list number: 2006-0207-P.
|
| 500 |
|
|
|a "April 20, 2006."
|
| 500 |
|
|
|a Shipping List Date: 06/14/2006
|
| 530 |
|
|
|a Also available via Internet from the GPO Access web site. Addresses as of 6/16/06: http://frwebgate.access.gpo.gov/cgi-bin/getdoc.cgi?dbname=109%5Fcong%5Freports&docid=f:sr247.109 (text version), http://frwebgate.access.gpo.gov/cgi-bin/getdoc.cgi?dbname=109%5Fcong%5Freports&docid=f:sr247.pdf (PDF version); current access available via PURLs.
|
| 610 |
2 |
0 |
|a National Law Enforcement Officers Memorial Fund
|x Appropriations and expenditures.
|
| 650 |
|
0 |
|a National Law Enforcement Officers Memorial (Washington, D.C.)
|x Finance.
|
| 650 |
|
0 |
|a Police
|x Monuments
|z Washington (D.C.)
|x Maintenance and repair
|x Finance.
|
| 810 |
1 |
|
|a United States.
|b Congress.
|b Senate.
|t Report ;
|v 109-247.
|
| 856 |
4 |
1 |
|3 Text version:
|u https://purl.fdlp.gov/GPO/LPS71026
|t 0
|
| 856 |
4 |
1 |
|3 PDF version:
|u https://purl.fdlp.gov/GPO/LPS71027
|t 0
|
| 999 |
|
|
|a MARS
|
| 999 |
f |
f |
|s 115d3e69-8ad4-38c5-b89c-bcfb09b5a2cd
|i efc50ca8-b5cc-382f-8239-1f0ea35d75df
|t 0
|
| 952 |
f |
f |
|a Texas A&M University
|b College Station
|c Electronic Resources
|d Available Online
|t 0
|e Y 1.1/5:109-247
|h Superintendent of Documents classification
|
| 998 |
f |
f |
|a Y 1.1/5:109-247
|t 0
|l Available Online
|